El pensamiento estratégico : una guía para identificar y resolver los problemas /
Guardat en:
| Autor principal: | |
|---|---|
| Format: | Llibre |
| Idioma: | espanyol |
| Publicat: |
Madrid, España :
Centro de Estudios Ramón Areces,
1998, c1998
|
| Col·lecció: | (Prácticos de Gestión)
|
| Matèries: | |
| Etiquetes: |
Sense etiquetes, Sigues el primer a etiquetar aquest registre!
|
MARC
| LEADER | 00000nam^a2200000^a^4500 | ||
|---|---|---|---|
| 001 | 000192975 | ||
| 005 | 20250521000000.0 | ||
| 009 | 20260310102626.561 | ||
| 020 | |a 84-8004-366-0 | ||
| 037 | |a Acervo ITESO - Biblioteca | ||
| 041 | |a ESP | ||
| 082 | |a 658. 4012 |b KAU | ||
| 100 | |a Kaufman, Roger |e (autor) | ||
| 245 | 1 | 3 | |a El pensamiento estratégico : |b una guía para identificar y resolver los problemas / |c R. Kaufman ; il. de Gary Carroll ; tr. por Albor. |
| 264 | 4 | |a Madrid, España : |b Centro de Estudios Ramón Areces, |c 1998, c1998 | |
| 300 | |a 271 p. | ||
| 336 | |a texto |b txt |2 rdacontenido | ||
| 337 | |a sin mediación |b n |2 rdamedio | ||
| 338 | |a volumen |b nc |2 rdasoporte | ||
| 440 | 1 | |a (Prácticos de Gestión) | |
| 500 | |a Traducción de: Strategic Thinking. A Guide to Identifying and Solving Problems | ||
| 649 | |a XX | ||
| 650 | |a Planeación Estratégica - |x Tema Principal | ||
| 650 | |a Estrategia en los Negocios | ||
| 650 | |a Estrategia Mercadotécnica | ||
| 650 | |a Toma de Decisiones | ||
| 650 | |a Solución de Problemas | ||
| 650 | |a Proceso Administrativo - |x Dirección | ||
| 650 | |a Administración | ||
| 650 | |a Ciencias Administrativas | ||
| 910 | |a Fondo General | ||
| 920 | |a Impresos - Libros | ||
| 930 | |a Colección General | ||
| 905 | |a 101 | ||
| 901 | |a 0500137186 |b IT1 |c ACC |u 20250521 | ||
| 902 | |a https://opac.biblio.iteso.mx/vufind/Record/000192975 | ||